Languages Spoken by the Longest Serving Leader of Every Country - Statistics

General Stats
  • This quiz has been taken 67 times
  • The average score is 482 of 574
Answer Stats
Country Leader Answer % Correct
Brazil Pedro II Arabic
100%
Djibouti Ismaïl Omar Guelleh Arabic
100%
Eritrea Isaias Afwerki Arabic
100%
Gambia Dawda Jawara Arabic
100%
Maldives Maumoon Abdul Gayoom Arabic
100%
Somaliland Maxamed Xaaji Ibraahim Cigaal Arabic
100%
South Sudan Salva Kiir Mayardit Arabic
100%
Bahrain Isa bin Ali al-Khalifa Bahrani Arabic
100%
Chad Idriss Déby Chadian Arabic
100%
Türkiye / Ottoman Empire Süleyman-ı Evvel Classical Arabic
100%
Syria Hafez al-Assad Coastal Syrian Arabic
100%
United Arab Emirates Zayed bin Sultan al-Nahyan Gulf Arabic (Emirati Bedouin Arabic)
100%
Tunisia Habib Bourguiba Maghrebi Arabic (Tunisian Arabic)
100%
Albania Enver Hoxha English
100%
Andorra Louis XIV English
100%
Antigua and Barbuda Vere Bird English
100%
Armenia Nikol Pashinyan English
100%
Australia Robert Menzies English
100%
Austria Bruno Kreisky English
100%
Azerbaijan Ilham Aliyev English
100%
Bahamas Lynden Pindling English
100%
Bangladesh Sheikh Hasina English
100%
Barbados Owen Arthur English
100%
Belize Dean Barrow English
100%
Bhutan Jigme Singye Wangchuck English
100%
Bosnia and Herzegovina Željko Komšić English
100%
Botswana Quett Masire English
100%
Brazil Pedro II English
100%
Bulgaria Ferdinand I English
100%
Burkina Faso Blaise Compaoré English
100%
Cambodia Hun Sen English
100%
Cameroon Paul Biya English
100%
Canada William Lyon Mackenzie King English
100%
Colombia Simón Bolívar English
100%
Costa Rica José Figueres Ferrer English
100%
Croatia Andrej Plenković English
100%
Cuba Fidel Castro English
100%
Cyprus Makarios III English
100%
Czech Republic Václav Klaus English
100%
Djibouti Ismaïl Omar Guelleh English
100%
Dominica Roosevelt Skerrit English
100%
Dominican Republic Joaquín Balaguer English
100%
Eritrea Isaias Afwerki English
100%
Estonia Andrus Ansip English
100%
Eswatini Mswati III English
100%
Fiji Ratu Kamisese Mara English
100%
France Louis XIV English
100%
Gambia Dawda Jawara English
100%
Georgia Irakli Garibashvili / Bidzina Ivanishvili English
100%
Germany Otto von Bismarck English
100%
Ghana Jerry Rawlings English
100%
Grenada Keith Mitchell English
100%
Guyana Forbes Burnham English
100%
Iceland Davíð Oddsson English
100%
India Jawaharlal Nehru English
100%
Iraq Saddam Hussein English
100%
Ireland Éamon de Valera English
100%
Israel Benjamin Netanyahu English
100%
Italy Benito Mussolini English
100%
Jamaica P. J. Patterson English
100%
Jordan Hussein I English
100%
Kenya Daniel arap Moi English
100%
Kiribati Anote Tong English
100%
Kosovo Hashim Thaçi English
100%
Kuwait Jābir al-Ahmad al-Jābir as-Sabāh English
100%
Latvia Kārlis Ulmanis English
100%
Lebanon Rashid Karami English
100%
Lesotho Joseph Leabua Jonathan English
100%
Liberia William Tubman English
100%
Libya Mu'ammar Qaḏḏāfī English
100%
Liechtenstein Johann II English
100%
Lithuania Andrius Kubilius English
100%
Malawi Hastings Banda English
100%
Malaysia Mahathir bin Mohamad English
100%
Maldives Maumoon Abdul Gayoom English
100%
Malta Eddie Fenech Adami English
100%
Marshall Islands Amata Kabua English
100%
Mauritius Seewoosagur Ramgoolam English
100%
Mexico Porfirio Díaz English
100%
Micronesia Tosiwo Nakayama & Manny Mori English
100%
Monaco Rainier III English
100%
Montenegro Milo Đukanović English
100%
Morocco Hassan II bin Muhammad English
100%
Mozambique Joaquim Chissano English
100%
Myanmar Ne Win English
100%
Namibia Sam Nujoma English
100%
Nauru Hammer DeRoburt English
100%
Nepal Jung Bahadur Rana English
100%
Netherlands Willem I English
100%
Nicaragua Daniel Ortega English
100%
Nigeria Olúṣẹ́gun Ọbásanjọ́a English
100%
Northern Cyprus Rauf Denktaş English
100%
Pakistan Mohammad Ayub Khan English
100%
Palau Thomas Remengesau Jr. English
100%
Palestine Mahmoud Abbas English
100%
Papua New Guinea Michael Somare English
100%
Peru Augusto B. Leguía English
100%
Philippines Ferdinand Marcos Sr. English
100%
Rwanda Paul Kagame English
100%
Saint Kitts and Nevis Denzil Douglas English
100%
Saint Lucia John Compton English
100%
Saint Vincent and the Grenadines Ralph Gonsalves English
100%
Samoa Tuilaʻepa Lupesoliai Neioti Aiono Saʻilele Malielegaoi English
100%
Serbia Aleksandar Vučić English
100%
Seychelles France-Albert René English
100%
Sierra Leone Siaka Stevens English
100%
Singapore Lee Kuan Yew English
100%
Slovakia Robert Fico English
100%
Slovenia Janez Drnovšek English
100%
Solomon Islands Manasseh Sogavare English
100%
Somalia Maxamed Siyaad Barre English
100%
Somaliland Maxamed Xaaji Ibraahim Cigaal English
100%
South Africa Balthazar Vorster English
100%
South Sudan Salva Kiir Mayardit English
100%
Sri Lanka Sirimavo Bandaranaike English
100%
Sudan Omar al-Bashir English
100%
Taiwan Chiang Kai-shek English
100%
Tanzania Julius Nyerere English
100%
Thailand Chulalongkon (Rama V) English
100%
Timor-Leste Xanana Gusmão English
100%
Tonga Tāufaʻāhau Tupou IV English
100%
Trinidad and Tobago Eric Williams English
100%
Turkmenistan Gurbanguly Berdimuhamedow English
100%
Tuvalu Tomasi Puapua English
100%
Uganda Yoweri Kaguta Museveni English
100%
United Kingdom Robert Walpole English
100%
United States Franklin D. Roosevelt English
100%
Vanuatu Walter Lin̄i English
100%
Vatican City John Paul II English
100%
Vietnam Hồ Chí Minh English
100%
Zambia Kenneth Kaunda English
100%
Zimbabwe Robert Mugabe English
100%
Kuwait Jābir al-Ahmad al-Jābir as-Sabāh Gulf Arabic (Kuwaiti Arabic)
100%
Oman Saʿīd bin Sulṭān al-Busaidi Gulf Arabic (Omani Arabic)
100%
Qatar Khalifa bin Hamad al-Thani Gulf Arabic (Urban Qatari Arabic)
100%
Mauritania Maaouya Ould Sid'Ahmed al-Taya Ḥassānīya Arabic
100%
Western Sahara Mohamed Abdelaziz Ḥassānīya Arabic
100%
Jordan Hussein I Jordanian Arabic
100%
Lebanon Rashid Karami Lebanese Arabic
100%
Libya Mu'ammar Qaḏḏāfī Libyan Arabic
100%
Algeria Abdelaziz Bouteflika Maghrebi Arabic (Algerian Arabic)
100%
Iraq Saddam Hussein Mesopotamian Arabic (Gilit Mesopotamian Arabic)
100%
Morocco Hassan II bin Muhammad Moroccan Arabic
100%
Saudi Arabia Abdulaziz bin Abdul Rahman al-Saud Najdi Arabic
100%
Russia Ivan IV Vasilyevich Old East Slavic
100%
Palestine Mahmoud Abbas Palestinian Arabic
100%
Abkhazia Vladislav Ardzinba Russian
100%
Albania Enver Hoxha Russian
100%
Angola José Eduardo dos Santos Russian
100%
Armenia Nikol Pashinyan Russian
100%
Azerbaijan Ilham Aliyev Russian
100%
Belarus Aleksandr Lukashenko Russian
100%
Czech Republic Václav Klaus Russian
100%
Estonia Andrus Ansip Russian
100%
Georgia Irakli Garibashvili / Bidzina Ivanishvili Russian
100%
Germany Otto von Bismarck Russian
100%
Hungary János József Kádár Russian
100%
Kazakhstan Nūrsūltan Nazarbaev Russian
100%
Kyrgyzstan Askar Akayev Russian
100%
Latvia Kārlis Ulmanis Russian
100%
Lithuania Andrius Kubilius Russian
100%
Moldova Vasile Tarlev Russian
100%
Mongolia Yumjaagiin Tsedenbal Russian
100%
North Korea Kim Il-Sung Russian
100%
Romania Nicolae Ceaușescu Russian
100%
Serbia Aleksandar Vučić Russian
100%
Slovakia Robert Fico Russian
100%
South Ossetia Kokojty Ĝabejy fyrt Eduard Russian
100%
Tajikistan Emomali Rahmon Russian
100%
Transnistria Igor Smirnov Russian
100%
Turkmenistan Gurbanguly Berdimuhamedow Russian
100%
Ukraine Leonid Kuchma Russian
100%
Uzbekistan Islam Karimov Russian
100%
Vietnam Hồ Chí Minh Russian
100%
Sudan Omar al-Bashir Sudanese Arabic
100%
Nigeria Olúṣẹ́gun Ọbásanjọ́ Tunisian Arabic
100%
Yemen Ali 'Abdullah Salih Yemeni Arabic
100%
Albania Enver Hoxha Albanian
98%
Egypt Muhammad Ali Albanian
98%
Kosovo Hashim Thaçi Albanian
98%
North Macedonia Nikola Gruevski Albanian
98%
Malawi Hastings Banda Ancient Greek
98%
Türkiye / Ottoman Empire Süleyman-ı Evvel Chagatai
98%
Bangladesh Sheikh Hasina Hindustani (Hindi)
98%
India Jawaharlal Nehru Hindustani (Hindi/Urdu)
98%
Bosnia and Herzegovina Željko Komšić Serbo-Croatian (Bosnian/Serbian/Croatian)
98%
Belgium Leopold II Dutch
98%
Indonesia Suharto Dutch
98%
Netherlands Willem I Dutch
98%
Suriname Ronald Venetiaan Dutch
98%
Vatican City John Paul II Dutch
98%
Spain Philip IV Early Modern Spanish
98%
Albania Enver Hoxha French
98%
Algeria Abdelaziz Bouteflika French
98%
Andorra Louis XIV French
98%
Angola José Eduardo dos Santos French
98%
Armenia Nikol Pashinyan French
98%
Azerbaijan Ilham Aliyev French
98%
Belgium Leopold II French
98%
Benin Mathieu Kérékou French
98%
Brazil Pedro II French
98%
Bulgaria Ferdinand I French
98%
Burkina Faso Blaise Compaoré French
98%
Burundi Pierre Nkurunziza French
98%
Cameroon Paul Biya French
98%
Central African Republic Jean-Bédel Bokassa (Bokassa I) French
98%
Chad Idriss Déby French
98%
Chile Augusto Pinochet French
98%
Colombia Simón Bolívar French
98%
Comoros Azali Assoumani French
98%
Democratic Republic of the Congo Mobutu Sese Seko French
98%
Republic of the Congo Denis Sassou Nguesso French
98%
Côte d'Ivoire Félix Houphouët-Boigny French
98%
Croatia Andrej Plenković French
98%
Denmark Christian IV French
98%
Djibouti Ismaïl Omar Guelleh French
98%
Dominica Roosevelt Skerrit French
98%
Dominican Republic Joaquín Balaguer French
98%
Ethiopia Haile Selassie French
98%
France Louis XIV French
98%
Gabon Omar Bongo French
98%
Georgia Irakli Garibashvili / Bidzina Ivanishvili French
98%
Germany Otto von Bismarck French
98%
Greece Konstantinos Karamanlis French
98%
Guinea Ahmed Sékou Touré French
98%
Haiti Jean-Pierre Boyer French
98%
Israel Benjamin Netanyahu French
98%
Italy Benito Mussolini French
98%
Laos Kraisorn Brahmavihara French
98%
Lebanon Rashid Karami French
98%
Liechtenstein Johann II French
98%
Luxembourg Paul Eyschen French
98%
Madagascar Didier Ratsiraka French
98%
Mali Moussa Traoré French
98%
Mauritania Maaouya Ould Sid'Ahmed al-Taya French
98%
Mauritius Seewoosagur Ramgoolam French
98%
Mexico Porfirio Díaz French
98%
Monaco Rainier III French
98%
Morocco Hassan II bin Muhammad French
98%
Mozambique Joaquim Chissano French
98%
Niger Seyni Kountché French
98%
Nigeria Olúṣẹ́gun Ọbásanjọ́ French
98%
Rwanda Paul Kagame French
98%
Senegal Léopold Sédar Senghor French
98%
Seychelles France-Albert René French
98%
Slovenia Janez Drnovšek French
98%
Spain Philip IV French
98%
Thailand Chulalongkon (Rama V) French
98%
Togo Gnassingbé Eyadéma French
98%
Trinidad and Tobago Eric Williams French
98%
Tunisia Habib Bourguiba French
98%
United States Franklin D. Roosevelt French
98%
Vatican City John Paul II French
98%
Vietnam Hồ Chí Minh French
98%
Brazil Pedro II Greek
98%
Cyprus Makarios III Greek
98%
Greece Konstantinos Karamanlis Greek
98%
Northern Cyprus Rauf Denktaş Greek
98%
Bhutan Jigme Singye Wangchuck Hindustani
98%
Portugal João I Old Spanish
98%
Angola José Eduardo dos Santos Portuguese
98%
Brazil Pedro II Portuguese
98%
Cabo Verde Aristides Pereira Portuguese
98%
Guinea-Bissau João Bernardo Vieira Portuguese
98%
Mozambique Joaquim Chissano Portuguese
98%
São Tomé and Príncipe Manuel Pinto da Costa Portuguese
98%
Spain Philip IV Portuguese
98%
Timor-Leste Xanana Gusmão Portuguese
98%
Vatican City John Paul II Portuguese
98%
Albania Enver Hoxha Serbo-Croatian
98%
Slovenia Janez Drnovšek Serbo-Croatian
98%
Vatican City John Paul II Serbo-Croatian
98%
Türkiye / Ottoman Empire Süleyman-ı Evvel Shtokavian
98%
Andorra Louis XIV Spanish
98%
Angola José Eduardo dos Santos Spanish
98%
Argentina Juan Manuel de Rosas Spanish
98%
Belize Dean Barrow Spanish
98%
Bolivia Evo Morales Spanish
98%
Brazil Pedro II Spanish
98%
Chile Augusto Pinochet Spanish
98%
Colombia Simón Bolívar Spanish
98%
Costa Rica José Figueres Ferrer Spanish
98%
Cuba Fidel Castro Spanish
98%
Dominican Republic Joaquín Balaguer Spanish
98%
Ecuador José María Velasco Ibarra Spanish
98%
El Salvador Maximiliano Hernández Martínez Spanish
98%
Equatorial Guinea Teodoro Obiang Nguema Mbasogo Spanish
98%
France Louis XIV Spanish
98%
Guatemala Manuel Estrada Cabrera Spanish
98%
Honduras Tiburcio Carías Andino Spanish
98%
Jamaica P. J. Patterson Spanish
98%
Mexico Porfirio Díaz Spanish
98%
Nicaragua Daniel Ortega Spanish
98%
Panama Omar Torrijos Spanish
98%
Paraguay Alfredo Stroessner Spanish
98%
Peru Augusto B. Leguía Spanish
98%
Philippines Ferdinand Marcos Sr. Spanish
98%
Slovenia Janez Drnovšek Spanish
98%
Uruguay Tabaré Vázquez & Julio María Sanguinetti Spanish
98%
Vatican City John Paul II Spanish
98%
Venezuela Juan Vicente Gómez Spanish
98%
Western Sahara Mohamed Abdelaziz Spanish
98%
Tajikistan Emomali Rahmon Tajik
98%
Uzbekistan Islam Karimov Tajik
98%
Armenia Nikol Pashinyan Armenian
96%
Montenegro Milo Đukanović Serbo-Croatian (Montenegrin/Serbian)
96%
Türkiye / Ottoman Empire Süleyman-ı Evvel Farsi
96%
Afghanistan Dost Mohammad Khan Farsi / Dari
96%
Austria Bruno Kreisky German
96%
Brazil Pedro II German
96%
Bulgaria Ferdinand I German
96%
Croatia Andrej Plenković German
96%
Denmark Christian IV German
96%
Estonia Andrus Ansip German
96%
Germany Otto von Bismarck German
96%
Italy Benito Mussolini German
96%
Kosovo Hashim Thaçi German
96%
Latvia Kārlis Ulmanis German
96%
Liechtenstein Johann II German
96%
Luxembourg Paul Eyschen German
96%
São Tomé and Príncipe Manuel Pinto da Costa German
96%
Serbia Aleksandar Vučić German
96%
Slovenia Janez Drnovšek German
96%
United States Franklin D. Roosevelt German
96%
Vatican City John Paul II German
96%
Albania Enver Hoxha Italian
96%
Andorra Louis XIV Italian
96%
Brazil Pedro II Italian
96%
Croatia Andrej Plenković Italian
96%
Denmark Christian IV Italian
96%
Djibouti Ismaïl Omar Guelleh Italian
96%
France Louis XIV Italian
96%
Germany Otto von Bismarck Italian
96%
Italy Benito Mussolini Italian
96%
Liechtenstein Johann II Italian
96%
San Marino Domenico Fattori Italian
96%
Somalia Maxamed Siyaad Barre Italian
96%
Spain Philip IV Italian
96%
Vatican City John Paul II Italian
96%
Brazil Pedro II Mandarin
96%
Eritrea Isaias Afwerki Mandarin
96%
North Korea Kim Il-Sung Mandarin
96%
Singapore Lee Kuan Yew Mandarin
96%
Taiwan Chiang Kai-shek Mandarin
96%
Vietnam Hồ Chí Minh Mandarin
96%
China Qiánlóng Dì Middle Mandarin
96%
Switzerland Karl Schenk Swiss High German
96%
Bangladesh Sheikh Hasina Bengali
94%
Bulgaria Ferdinand I Bulgarian
94%
Brunei Abdul Jalil al-Akbar Classical Malay
94%
Denmark Christian IV Danish
94%
Indonesia Suharto Malay (Indonesian)
94%
Timor-Leste Xanana Gusmão Malay (Indonesian)
94%
Serbia Aleksandar Vučić Serbo-Croatian (Serbian)
94%
Vietnam Hồ Chí Minh Yue (Cantonese)
94%
Estonia Andrus Ansip Estonian
94%
Hungary János József Kádár Hungarian
94%
Kazakhstan Nūrsūltan Nazarbaev Kazakh
94%
Malaysia Mahathir bin Mohamad Malay
94%
Singapore Lee Kuan Yew Malay
94%
Papua New Guinea Michael Somare Nor
94%
Sweden Magnus Eriksson Old Swedish
94%
Germany Otto von Bismarck Polish
94%
Vatican City John Paul II Polish
94%
Czech Republic Václav Klaus Slovak
94%
Slovakia Robert Fico Slovak
94%
Vatican City John Paul II Slovak
94%
Austria Bruno Kreisky Swedish
94%
Azerbaijan Ilham Aliyev Azerbaijani
92%
Japan Tokugawa Ienari Early Modern Japanese
92%
Iran Tahmâsb I Farsi
92%
Finland Taisto Kalevi Sorsa Finnish
92%
Georgia Irakli Garibashvili / Bidzina Ivanishvili Georgian
92%
Micronesia Tosiwo Nakayama Japanese
92%
Papua New Guinea Michael Somare Japanese
92%
Singapore Lee Kuan Yew Japanese
92%
South Korea Park Chung Hee Japanese
92%
Taiwan Chiang Kai-shek Japanese
92%
Cambodia Hun Sen Khmer
92%
Andorra Louis XIV Latin
92%
Brazil Pedro II Latin
92%
Denmark Christian IV Latin
92%
France Louis XIV Latin
92%
Malawi Hastings Banda Latin
92%
Singapore Lee Kuan Yew Latin
92%
Spain Philip IV Latin
92%
Trinidad and Tobago Eric Williams Latin
92%
Vatican City John Paul II Latin
92%
Latvia Kārlis Ulmanis Latvian
92%
Poland Władysław II Jagiełło Medieval Latin
92%
Portugal João I Medieval Latin
92%
Sierra Leone Siaka Stevens Mɛnde
92%
Iran Tahmâsb I Middle Azeri
92%
Portugal João I Old Galician–Portuguese
92%
Sweden Magnus Eriksson Old Norwegian
92%
Sweden Magnus Eriksson Renaissance Latin
92%
Moldova Vasile Tarlev Romanian
92%
Romania Nicolae Ceaușescu Romanian
92%
Slovenia Janez Drnovšek Slovene
92%
Cambodia Hun Sen Vietnamese
92%
Laos Kraisorn Brahmavihara Vietnamese
92%
Vietnam Hồ Chí Minh Vietnamese
92%
Czech Republic Václav Klaus Czech
90%
Liechtenstein Johann II Czech
90%
Slovakia Robert Fico Czech
90%
Vatican City John Paul II Czech
90%
Croatia Andrej Plenković Serbo-Croatian (Croatian)
90%
Brazil Pedro II Hebrew
90%
Israel Benjamin Netanyahu Hebrew
90%
Iceland Davíð Oddsson Icelandic
90%
Ireland Éamon de Valera Irish
90%
North Korea Kim Il-Sung Korean
90%
South Korea Park Chung Hee Korean
90%
Kyrgyzstan Askar Akayev Kyrgyz
90%
Mongolia Yumjaagiin Tsedenbal Mongolian
90%
China Qiánlóng Dì Mongolian / Oirat
90%
Thailand Chulalongkon (Rama V) Thai
90%
Laos Kraisorn Brahmavihara Lao
88%
Lithuania Andrius Kubilius Lithuanian
88%
Poland Władysław II Jagiełło Lithuanian
88%
Ukraine Leonid Kuchma Ukrainian
88%
Vatican City John Paul II Ukrainian
88%
Nepal Jung Bahadur Rana Nepali / Khas Kura
87%
Afghanistan Dost Mohammad Khan Ottoman Turkish
87%
Egypt Muhammad Ali Ottoman Turkish
87%
Türkiye / Ottoman Empire Süleyman-ı Evvel Ottoman Turkish
87%
Azerbaijan Ilham Aliyev Turkish
87%
Northern Cyprus Rauf Denktaş Turkish
87%
Turkmenistan Gurbanguly Berdimuhamedow Turkmen
87%
Pakistan Mohammad Ayub Khan Urdu
87%
Uzbekistan Islam Karimov Uzbek
87%
Djibouti Ismaïl Omar Guelleh Amharic
85%
Eritrea Isaias Afwerki Amharic
85%
Ethiopia Haile Selassie Amharic
85%
Belarus Aleksandr Lukashenko Belarusian / Trasianka
85%
North Macedonia Nikola Gruevski Macedonian
85%
Afghanistan Dost Mohammad Khan Pashto
85%
Pakistan Mohammad Ayub Khan Pashto
85%
Djibouti Ismaïl Omar Guelleh Somali
85%
Somalia Maxamed Siyaad Barre Somali
85%
Somaliland Maxamed Xaaji Ibraahim Cigaal Somali
85%
Abkhazia Vladislav Ardzinba Abkhaz
83%
Fiji Ratu Kamisese Mara Fijian
83%
Burundi Pierre Nkurunziza Kiswahili
83%
Kenya Daniel arap Moi Kiswahili
83%
Mozambique Joaquim Chissano Kiswahili
83%
Namibia Sam Nujoma Kiswahili
83%
Oman Saʿīd bin Sulṭān al-Busaidi Kiswahili
83%
South Sudan Salva Kiir Mayardit Kiswahili
83%
Tanzania Julius Nyerere Kiswahili
83%
Uganda Yoweri Kaguta Museveni Kiswahili
83%
Luxembourg Paul Eyschen Luxembourgish
83%
Vatican City John Paul II Luxembourgish
83%
Myanmar Ne Win Burmese
81%
Bhutan Jigme Singye Wangchuck Dzongkha
81%
Haiti Jean-Pierre Boyer kreyòl ayisyen
81%
Philippines Ferdinand Marcos Sr. Tagalog
81%
Malta Eddie Fenech Adami Maltese
79%
Taiwan Chiang Kai-shek Wu
79%
Costa Rica José Figueres Ferrer Catalan
77%
South Africa Balthazar Vorster Afrikaans
75%
Ghana Jerry Rawlings
73%
Maldives Maumoon Abdul Gayoom Dhivehi
71%
Madagascar Didier Ratsiraka Malagasy
71%
South Ossetia Kokojty Ĝabejy fyrt Eduard Ossetian
71%
Palau Thomas Remengesau Jr. Palauan
69%
Lesotho Joseph Leabua Jonathan Sesotho
69%
Tonga Tāufaʻāhau Tupou IV Tongan
69%
Jamaica P. J. Patterson Jamaican Patwah
67%
Burundi Pierre Nkurunziza Kirundi
67%
Samoa Tuilaʻepa Lupesoliai Neioti Aiono Saʻilele Malielegaoi Samoan
67%
Botswana Quett Masire Setswana
67%
Pakistan Mohammad Ayub Khan Hindko (Lahnda / Western Punjabi)
65%
Marshall Islands Amata Kabua Marshallese
65%
Nauru Hammer DeRoburt Nauruan
65%
Afghanistan Dost Mohammad Khan Punjabi
65%
Eswatini Mswati III siSwati
65%
Tuvalu Tomasi Puapua Tuvaluan
65%
Nigeria Olúṣẹ́gun Ọbásanjọ́ Yorùbá
65%
Indonesia Suharto Javanese
63%
Bahamas Lynden Pindling Bahamian Creole
62%
Rwanda Paul Kagame Kinyarwanda
62%
Eritrea Isaias Afwerki Tigrinya
62%
Dominica Roosevelt Skerrit Antillean Creole (Kwéyòl Dominik)
60%
Bolivia Evo Morales Aymara
58%
Nigeria Olúṣẹ́gun Ọbásanjọ́ Hausa
58%
Sri Lanka Sirimavo Bandaranaike Sinhala
56%
Monaco Rainier III Ligurian (Monégasque)
54%
Seychelles France-Albert René Seselwa
54%
Kiribati Anote Tong Kiribati
52%
Papua New Guinea Michael Somare Tok Pisin
52%
Trinidad and Tobago Eric Williams Trinidadian Creole
52%
Grenada Keith Mitchell Grenadian Creole English
50%
Antigua and Barbuda Vere Bird Antiguan and Barbudan Creole
48%
China Qiánlóng Dì Classical Tibetan
48%
Saint Kitts and Nevis Denzil Douglas Antiguan and Barbudan Creole (Saint Kitts Creole)
48%
Brazil Pedro II Sanskrit
48%
India Jawaharlal Nehru Sanskrit
48%
Vanuatu Walter Lin̄i Bislama
46%
Guyana Forbes Burnham Guyanese Creole / Creolese
46%
Central African Republic Jean-Bédel Bokassa (Bokassa I) Sango
44%
South Sudan Salva Kiir Mayardit Thuɔŋjäŋ
44%
Zimbabwe Robert Mugabe chiShona
42%
Senegal Léopold Sédar Senghor Wolof
42%
Ghana Jerry Rawlings Ákán (Twi)
40%
China Qiánlóng Dì Manchu
40%
Norway Haraldr Hárfagri / Hákon IV Hákonarson Old Norse
40%
Guinea Ahmed Sékou Touré Sosoxui
40%
Belize Dean Barrow Belize Kriol
38%
Malawi Hastings Banda Chichewa
38%
Zambia Kenneth Kaunda Chinyanja
38%
Democratic Republic of the Congo Mobutu Sese Seko Lingala
37%
Republic of the Congo Denis Sassou Nguesso Lingala
37%
Timor-Leste Xanana Gusmão Tetum
37%
Barbados Owen Arthur Bajan Creole
35%
Ghana Jerry Rawlings Eʋegbe (Anlogbe)
35%
San Marino Domenico Fattori Rumagnôl (Sammarinese)
35%
Russia Ivan IV Vasilyevich Church Slavonic
33%
Cabo Verde Aristides Pereira Kabuverdianu
33%
Burkina Faso Blaise Compaoré Mòoré
33%
Saint Lucia John Compton Antillean Creole (Saint Lucian Kwéyòl)
31%
Singapore Lee Kuan Yew Min Nan (Singaporean Hokkien)
31%
Brazil Pedro II Occitan
31%
Uganda Yoweri Kaguta Museveni Oluganda
31%
Micronesia Tosiwo Nakayama & Manny Mori Chuuk
27%
Equatorial Guinea Teodoro Obiang Nguema Mbasogo Faŋ
27%
Eritrea Isaias Afwerki Tigre
27%
Philippines Ferdinand Marcos Sr. Ilokáno
25%
Gambia Dawda Jawara Mandinka
25%
Türkiye / Ottoman Empire Süleyman-ı Evvel Ural-Volga Türki (Old Tatar)
23%
South Sudan Salva Kiir Mayardit Juba Arabic
23%
Nigeria Olúṣẹ́gun Ọbásanjọ́a Nigerian Pidgin
21%
Sierra Leone Siaka Stevens Krio
19%
Saint Vincent and the Grenadines Ralph Gonsalves Vincentian Creole
19%
Vatican City John Paul II Esperanto
17%
Vietnam Hồ Chí Minh Esperanto
17%
Germany Otto von Bismarck Low German
17%
Mozambique Joaquim Chissano Changana / Xitsonga
15%
Zambia Kenneth Kaunda Chibemba
15%
Cameroon Paul Biya Ewondo
15%
Afghanistan Dost Mohammad Khan Kashmiri
15%
Thailand Chulalongkon (Rama V) Pāli
15%
Solomon Islands Manasseh Sogavare Pijin
15%
Italy Benito Mussolini Rumagnôl
15%
Brazil Pedro II Tupi
13%
Mauritius Seewoosagur Ramgoolam Bhojpuri (Mauritian)
12%
Namibia Sam Nujoma Oshiwambo / Oshikwanyama
12%
Côte d'Ivoire Félix Houphouët-Boigny Wawle
12%
Bolivia Evo Morales Southern Quechua (Uralan Buliwya runasimi)
10%
Guinea-Bissau João Bernardo Vieira Kiriol
10%
Guinea Ahmed Sékou Touré Maninkakan
10%
Mali Moussa Traoré Maninkakan / Malinke
10%
Niger Seyni Kountché Zarma
10%
Uganda Yoweri Kaguta Museveni Nkore-Kiga / Orunyankore (Hororo)
8%
Chad Idriss Déby Zaghawa (Bidayat)
8%
Senegal Léopold Sédar Senghor Serer
8%
Laos Kraisorn Brahmavihara Khmu
6%
Comoros Azali Assoumani Shingazija / Western Comorian
6%
China Qiánlóng Dì Chagatai
4%
Guinea-Bissau João Bernardo Vieira Papel
4%
Kenya Daniel arap Moi Tugen
4%
Solomon Islands Manasseh Sogavare Babatana / East Choiseul
2%
Laos Kraisorn Brahmavihara Hmong Daw / Mong Leng
2%
Tanzania Julius Nyerere Ikizanaki
2%
Togo Gnassingbé Eyadéma kabɩyɛ
2%
Uganda Yoweri Kaguta Museveni Kɨlaangi
2%
Republic of the Congo Denis Sassou Nguesso Mbochi
2%
Central African Republic Jean-Bédel Bokassa (Bokassa I) Ngbaka Ma'bo
2%
Vanuatu Walter Lin̄i Raga
2%
Democratic Republic of the Congo Mobutu Sese Seko Southern Ngbandi
2%
Gabon Omar Bongo Tɛgɛ / North Teke
2%
Papua New Guinea Michael Somare Tinata Tuna
2%
Poland Władysław II Jagiełło Žemaitiu kalba
2%
Benin Mathieu Kérékou Waama
0%
No matching quizzes found
Score Distribution
Percent of People with Each Score
Percentile by Number Answered
Your Score History
You have not taken this quiz